000 nam a22 7a 4500
999 _c8316
_d8316
008 171227b xxu||||| |||| 00| 0 eng d
020 _a9780864382375
100 _aHawkes Nigel
_94734
245 _aMan on the Move
_bGreat Journeys by land, Sea and air
260 _aSydney
_bRD PRESS
_c1991